Представление документа в формате RUSMARC

ПолеНазваниеЗначение
  Тип записи a
  Библиографический уровень a
001 Контрольный номер UONB/MAIN/53542ddc914043ccb2634d4447b6733b
005 Дата корректировки 20260423113259.0
100 Данные общей обработки __
a Данные общей обработки 20260423 ||| 0rusy0189 ca
101 Язык документа 0_
a Язык текста rus
102 Страна публикации __
a Страна публикации RU
200 Заглавие и сведения об ответственности 1_
a Заглавие Живые свидетели истории
203 Вид содержания и тип средства __
a Вид содержания Текст
b Характеристика содержания визуальный
c Тип средства непосредственный
215 Физическое описание __
c Иллюстрации/тип воспроизводства ил., фот.
300 Общие примечания __
a Общие примечания Продолжение следует
330 Аннотация __
a Аннотация Купеческие дома в Сенгилее.
461 Уровень набора _0
1 2000
a Волжские зори
463 Уровень физической единицы _0
1 2000
a № 16 (7166) (17 апреля)
v С. 5
1 2101
d 2026
1 001UONB/MAIN/1bccc51cd8dc4bcc9be335f1bf35c444
600 Персоналии _1
a Персоналии (Фамилия) Красильников
b Персоналии (Имя, инициалы) Я. Н.
g Полное имя Яков Никитич
600 Персоналии _1
a Персоналии (Фамилия) Красильников
b Персоналии (Имя, инициалы) В. Н.
g Полное имя Василий Никитич
600 Персоналии _1
a Персоналии (Фамилия) Баукин
b Персоналии (Имя, инициалы) Ф. М.
600 Персоналии _1
a Персоналии (Фамилия) Захарьин
b Персоналии (Имя, инициалы) Н. Н.
g Полное имя Николай Николаевич
600 Персоналии _1
a Персоналии (Фамилия) Березин
601 Наименование организации как предмет 02
a Наименование организации как предмет Сенгилеевский краеведческий музей
607 Географические рубрики __
a Географическое наименование Сенгилей, город (Сенгилеевский район ; Ульяновская область)
610 Ключевые слова 0_
a Ключевые слова купеческие дома; памятники архитектуры; исторические здания; купцы; приюты; детские дома; музеи
686 Индексы других классификаций __
2 Код системы rubbk
a Классификационный индекс 85.11
801 Источник записи _0
a Страна RU
b Организация Ульяновская ОНБ
c Дата составления 20260423
g Правила каталогизации RCR
801 Источник записи _1
a Страна RU
b Организация Ульяновская ОНБ
c Дата составления 20260423
g Правила каталогизации RCR
901 Тип документа __
t Тип документа f
w Контрольный № источника UONB/MAIN/1bccc51cd8dc4bcc9be335f1bf35c444
909 Создатель записи __
a Создатель записи Мухаметжанова
b Дата создания записи 20260423